00608nam a2200193Ia 4500003000400000005001700004008004100021040000700062041000800069082002200077100003100099245002500130260004700155365001300202906002700215942001200242999001900254952014100273OSt20230607162429.0210423s2008 xx 000 0 und d cAL aeng a616.89223b CARA aCARSON (Robert C).9121892 aAbnormal psychology. aNew DelhibPearson Education Pvt Ltdc2008 b475cINR aAbnormal ; psychology. 2ddccBK c175133d175133 001040708MSWaSACPGbSACPGd2008-07-11eBook Worldg475.00l2o616.89 CARApPG021832r2025-08-22 14:28:51s2025-08-22w2021-04-26yBK